000
00311nam a2200121Ia 4500
003
GCL
008
140319s9999 xx 000 0 eng d
040
_a
GCL /
_c
GCL
082
0
4
_a
620.1126
_b
A T
245
1
0
_a
Topics in Fracture and Fatigue.
260
_a
[S.N] :
_b
ABT AKVERT SKIRA S.A ،
_c
1992
300
_a
346 P P
999
_c
16678
_d
16678